[Event "Laval XXI"]
[Site "Laval CAN"]
[Date "2004.04.18"]
[Round "4"]
[White "Sauve, Richard"]
[Black "Roussel-Roozmon, Thomas"]
[Result "0-1"]
[WhiteElo "1946"]
[BlackElo "2445"]
[PlyCount "88"]
[EventDate "2004.04.16"]
[EventType "swiss"]
[EventRounds "5"]
[EventCountry "CAN"]

1. d4 Nf6 2. c4 e6 3. Nc3 Bb4 4. Qc2 O-O 5. a3 Bxc3+ 6. Qxc3 b6 7. Bg5 Bb7 8.
e3 d6 9. f3 Nbd7 10. Bd3 c5 11. Ne2 Rc8 12. Qd2 cxd4 13. exd4 Ba6 14. Rc1 h6
15. Bh4 d5 16. cxd5 Bxd3 17. Qxd3 Rxc1+ 18. Nxc1 Qc7 19. O-O Nxd5 20. Ne2 Rc8
21. Rc1 Qb7 22. Rxc8+ Qxc8 23. Nc3 Qc6 24. Qb5 Qxb5 25. Nxb5 a6 26. Nc3 Nxc3
27. bxc3 b5 28. Be7 f6 29. Kf2 Kf7 30. Bb4 Nb6 31. Ke3 a5 32. Bc5 Nc4+ 33. Kd3
h5 34. f4 g6 35. d5 exd5 36. Kd4 Ke6 37. g3 Nd2 38. Kd3 Nb3 39. Bb6 Kf5 40. Be3
Kg4 41. a4 bxa4 42. c4 dxc4+ 43. Kxc4 Kh3 44. Kb5 a3 0-1

[Event "Laval XXI"]
[Site "Laval CAN"]
[Date "2004.04.18"]
[Round "5"]
[White "Roussel-Roozmon, Thomas"]
[Black "Lawson, Eric"]
[Result "1/2-1/2"]
[WhiteElo "2445"]
[BlackElo "2356"]
[PlyCount "128"]
[EventDate "2004.04.16"]
[EventType "swiss"]
[EventRounds "5"]
[EventCountry "CAN"]

1. d4 Nf6 2. c4 e6 3. Nc3 Bb4 4. Qc2 c5 5. dxc5 Bxc5 6. Nf3 Qb6 7. e3 Qc7 8. b3
a6 9. Bb2 Be7 10. Bd3 d6 11. Ne4 Nbd7 12. O-O b6 13. Nxf6+ Bxf6 14. Bd4 Bb7 15.
Be4 d5 16. cxd5 Qxc2 17. Bxc2 Bxd5 18. Bxf6 Nxf6 19. Rfc1 Nd7 20. Bd3 Nc5 21.
Bc4 Bxc4 22. Rxc4 a5 23. Kf1 Ke7 24. Ke2 Rhd8 25. Nd4 Rd5 26. Rd1 Kf6 27. Nc6
Rxd1 28. Rf4+ Kg5 29. Kxd1 f6 30. Rd4 e5 31. Rd2 Rc8 32. Na7 Ra8 33. Nb5 Ne4
34. Rc2 Rd8+ 35. Ke2 Kf5 36. Nc7 Nc5 37. f3 Rd6 38. e4+ Kg6 39. Nd5 Ne6 40. Rc8
Nf4+ 41. Nxf4+ exf4 42. Rc7 h5 43. g3 fxg3 44. hxg3 Kh6 45. f4 g5 46. f5 h4 47.
gxh4 gxh4 48. Kf3 Rd3+ 49. Kg4 h3 50. Rc2 Kg7 51. Rh2 Re3 52. Kf4 Rd3 53. Rh1
Kf7 54. Kg4 Re3 55. Rxh3 Rxe4+ 56. Kf3 Rb4 57. Rh7+ Kf8 58. Ra7 Ke8 59. Ke3 Kf8
60. Rb7 a4 61. bxa4 Rxa4 62. Rxb6 Rxa2 63. Rxf6+ Ke7 64. Rb6 Ra4 1/2-1/2

[Event "Mauricie op"]
[Site "Trois-Rivieres CAN"]
[Date "2004.03.19"]
[Round "1"]
[White "Roussel-Roozmon, Thomas"]
[Black "Larochelle, Martial"]
[Result "1-0"]
[WhiteElo "2458"]
[BlackElo "2180"]
[PlyCount "51"]
[EventDate "2004.03.19"]
[EventType "swiss"]
[EventRounds "5"]
[EventCountry "CAN"]

1. d4 d5 2. c4 Nc6 3. cxd5 Qxd5 4. e3 e5 5. Nc3 Bb4 6. Bd2 Bxc3 7. bxc3 Qd6 8.
Bd3 Nge7 9. Ne2 O-O 10. O-O Bf5 11. e4 Bc8 12. d5 Ng6 13. c4 Nb4 14. c5 Qxc5
15. Rc1 Nxd3 16. Rxc5 Nxc5 17. Bb4 b6 18. Bxc5 bxc5 19. Qa4 Rb8 20. Qxa7 Rb2
21. Nc3 Rc2 22. Nd1 Nf4 23. Ne3 Ne2+ 24. Kh1 Rc3 25. Qxc7 Nd4 26. h3 1-0

[Event "Mauricie op"]
[Site "Trois-Rivieres CAN"]
[Date "2004.03.20"]
[Round "2"]
[White "Cazelais, Marc"]
[Black "Roussel-Roozmon, Thomas"]
[Result "1/2-1/2"]
[WhiteElo "2119"]
[BlackElo "2456"]
[PlyCount "163"]
[EventDate "2004.03.19"]
[EventType "swiss"]
[EventRounds "5"]
[EventCountry "CAN"]

1. e4 c5 2. c3 Nf6 3. e5 Nd5 4. d4 cxd4 5. Nf3 Nc6 6. Bc4 Nb6 7. Bb3 d5 8. exd6
Qxd6 9. O-O Be6 10. Bxe6 Qxe6 11. Nxd4 Nxd4 12. Qxd4 Rd8 13. Qh4 Qe2 14. Be3 e6
15. Na3 Be7 16. Qg3 O-O 17. Rab1 Rd3 18. h3 Bxa3 19. bxa3 Rxc3 20. Qg5 Rc6 21.
Bxb6 Rxb6 22. Rxb6 axb6 23. Rb1 Qxa2 24. Rxb6 Qxa3 25. Rxb7 Qa1+ 26. Kh2 Qd4
27. Qg3 g6 28. Rb8 h5 29. Rxf8+ Kxf8 30. Kg1 h4 31. Qf3 Kg7 32. Qe2 Kf6 33.
Qf3+ Kg7 34. Qe2 g5 35. Qe1 Kf6 36. Qb1 Qc3 37. Qd1 Qe5 38. Qb1 Qd4 39. Qe1 e5
40. Qc1 e4 41. Qc6+ Kg7 42. Qc1 f6 43. Qc7+ Kg6 44. Qc1 Qd3 45. Kh1 Qd4 46. Kg1
Qe5 47. Qb1 Qe6 48. Kh1 f5 49. Kg1 Kh6 50. Qc1 f4 51. Qe1 Kg7 52. Qa1+ Kf7 53.
Qa7+ Kg6 54. Qd4 e3 55. Kf1 Qa6+ 56. Ke1 Qa5+ 57. Kd1 exf2 58. Qxf2 Qc3 59.
Qb6+ Kf5 60. Qb5+ Kf6 61. Qb6+ Kg7 62. Qb7+ Kh6 63. Qa6+ Kg7 64. Qb7+ Kf6 65.
Qb6+ Ke7 66. Qb7+ Kd6 67. Qb8+ Qc7 68. Qxc7+ Kxc7 69. Ke2 Kd6 70. Kf3 Ke5 71.
Kg4 Kf6 72. Kf3 Kf5 73. Kf2 Ke4 74. Ke2 Kd4 75. Kf3 Ke5 76. Kg4 Kf6 77. Kf3 Kf5
78. Kf2 g4 79. hxg4+ Kxg4 80. Kf1 Kf5 81. Kf2 Ke4 82. Ke2 1/2-1/2

[Event "Mauricie op"]
[Site "Trois-Rivieres CAN"]
[Date "2004.03.20"]
[Round "3"]
[White "Roussel-Roozmon, Thomas"]
[Black "Anastasovski, Nikola"]
[Result "1-0"]
[WhiteElo "2456"]
[BlackElo "2008"]
[PlyCount "117"]
[EventDate "2004.03.19"]
[EventType "swiss"]
[EventRounds "5"]
[EventCountry "CAN"]

1. d4 d5 2. c4 e6 3. Nf3 Nf6 4. g3 c6 5. Qc2 Bd6 6. Bg2 Nbd7 7. O-O h6 8. Nbd2
O-O 9. e4 dxe4 10. Nxe4 Nxe4 11. Qxe4 Nf6 12. Qe2 Re8 13. Bd2 Bd7 14. Ne5 Qc7
15. Bf4 Qc8 16. Rfd1 Rb8 17. Qf3 Nh7 18. Qg4 Nf6 19. Qf3 Nh7 20. Qh5 Rf8 21.
Nxc6 Bxc6 22. Bxd6 Bxg2 23. Bxf8 Be4 24. Qe5 Nf6 25. Be7 Bc2 26. Bxf6 gxf6 27.
Qf4 Bxd1 28. Rxd1 Kg7 29. Rd3 Qd8 30. d5 b5 31. c5 exd5 32. Qg4+ Kf8 33. Qh5
Kg7 34. Rd4 Qc7 35. Rg4+ Kf8 36. Qxh6+ Ke7 37. b4 Qe5 38. Qd2 Kd7 39. Rd4 Kc6
40. h4 a5 41. bxa5 Kxc5 42. Qb4+ Kc6 43. Rd1 Qd6 44. Qd4 Qe5 45. Rc1+ Kd7 46.
Qa7+ Ke6 47. Rc6+ Kf5 48. Qxf7 d4 49. Qh5+ Ke4 50. Qg4+ Kd3 51. Rc1 Qe2 52.
Rd1+ Qd2 53. Qf3+ Kc4 54. Rxd2 Kb4 55. Rxd4+ Kxa5 56. Qa3+ Kb6 57. Rd6+ Kc7 58.
Qc5+ Kb7 59. Qb6+ 1-0

[Event "Mauricie op"]
[Site "Trois-Rivieres CAN"]
[Date "2004.03.21"]
[Round "4"]
[White "Lawson, Eric"]
[Black "Roussel-Roozmon, Thomas"]
[Result "1-0"]
[WhiteElo "2344"]
[BlackElo "2456"]
[PlyCount "81"]
[EventDate "2004.03.19"]
[EventType "swiss"]
[EventRounds "5"]
[EventCountry "CAN"]

1. d4 Nf6 2. Bg5 e6 3. e4 h6 4. Bxf6 Qxf6 5. Nf3 d6 6. Nc3 Nd7 7. Bc4 c6 8. Qe2
e5 9. O-O-O Nb6 10. Bb3 Bg4 11. Qe3 g6 12. Kb1 Bg7 13. dxe5 dxe5 14. Rd3 O-O
15. Rhd1 Rad8 16. Qc5 Rxd3 17. Rxd3 Nc8 18. Qb4 Qe7 19. Qxe7 Nxe7 20. h3 Bc8
21. Nd2 b5 22. a4 a6 23. Ba2 Bf6 24. Nb3 Kg7 25. Nc5 h5 26. b4 h4 27. Rd6 Rh8
28. a5 Bg5 29. Ne2 Rh5 30. c4 Bf4 31. cxb5 cxb5 32. Kc2 Rg5 33. g4 hxg3 34.
fxg3 Bxg3 35. Nxa6 Bxa6 36. Rxa6 Be1 37. Rb6 Bxb4 38. a6 Nc8 39. Rc6 Ba5 40.
Rxc8 Bb6 41. Rb8 1-0

[Event "Aeroflot op"]
[Site "Moscow RUS"]
[Date "2004.02.17"]
[Round "1"]
[White "Ivanov, Alexander"]
[Black "Roussel-Roozmon, Thomas"]
[Result "1-0"]
[WhiteElo "2537"]
[BlackElo "2434"]
[PlyCount "63"]
[EventDate "2004.02.17"]
[EventType "swiss"]
[EventRounds "9"]
[EventCountry "RUS"]
[Source "ChessBase"]
[SourceDate "2004.11.15"]

1. e4 c5 2. Nf3 Nc6 3. d4 cxd4 4. Nxd4 e6 5. Nc3 Qc7 6. g3 a6 7. Bg2 Nf6 8. O-O
Bc5 9. Nxc6 dxc6 10. Na4 Ba7 11. c4 Nd7 12. Qg4 g6 13. Bh6 e5 14. Qe2 b5 15.
Nc3 b4 16. Na4 Bd4 17. Rac1 c5 18. Nc3 Bb7 19. Nd5 Bxd5 20. cxd5 Qb6 21. Rfd1
f6 22. Bh3 O-O-O 23. Be3 Kb7 24. Qc2 Rhe8 25. Kh1 Qd6 26. a3 a5 27. Qa4 Re7 28.
Qxa5 Qb6 29. axb4 Bxe3 30. fxe3 cxb4 31. Qa4 Nb8 32. d6 1-0

[Event "Montreal CC ch"]
[Site "Montreal CAN"]
[Date "2004.01.23"]
[Round "1"]
[White "Roussel-Roozmon, Thomas"]
[Black "Anastasovski, Nikola"]
[Result "1-0"]
[WhiteElo "2451"]
[BlackElo "2060"]
[PlyCount "59"]
[EventDate "2004.01.23"]
[EventType "swiss"]
[EventRounds "5"]
[EventCountry "CAN"]

1. d4 f5 2. g3 e6 3. Bg2 Nf6 4. Nf3 Nc6 5. O-O d5 6. c4 Be7 7. b3 O-O 8. Bb2
Ne4 9. Nbd2 Bd7 10. a3 a5 11. Rc1 h6 12. Ne1 Rf7 13. Nd3 Qf8 14. Nb1 f4 15.
Nxf4 Rxf4 16. gxf4 Qxf4 17. e3 Qh4 18. Nd2 Rf8 19. f4 Nxd2 20. Qxd2 Rf5 21. Qf2
Qf6 22. e4 dxe4 23. Bxe4 Rh5 24. d5 exd5 25. Bxf6 Bxf6 26. Bxd5+ Rxd5 27. cxd5
Bd4 28. dxc6 Bxf2+ 29. Kxf2 Bxc6 30. Rxc6 1-0

[Event "Montreal CC ch"]
[Site "Montreal CAN"]
[Date "2004.01.24"]
[Round "2"]
[White "Larochelle, Martial"]
[Black "Roussel-Roozmon, Thomas"]
[Result "0-1"]
[WhiteElo "2190"]
[BlackElo "2451"]
[PlyCount "78"]
[EventDate "2004.01.23"]
[EventType "swiss"]
[EventRounds "5"]
[EventCountry "CAN"]

1. g3 e5 2. c4 c5 3. Bg2 Nc6 4. Nc3 g6 5. a3 d6 6. Nf3 Bg7 7. Rb1 a5 8. O-O
Nge7 9. d3 O-O 10. Bg5 f6 11. Be3 Be6 12. Ne1 Qd7 13. Nc2 a4 14. b4 axb3 15.
Rxb3 Rab8 16. Qd2 Nd4 17. Rb6 d5 18. cxd5 Nxd5 19. Nxd5 Bxd5 20. Bxd5+ Qxd5 21.
Rfb1 f5 22. Bxd4 exd4 23. Qf4 Rbe8 24. Rxb7 Rxe2 25. Qc7 Rf7 26. Qc8+ Bf8 27.
Rxf7 Qxf7 28. Rb7 Qd5 29. Rb8 Qd6 30. Rb2 Rd2 31. Qb7 Rxd3 32. a4 Rc3 33. a5 d3
34. Ne3 d2 35. Rxd2 Qxd2 36. a6 Ra3 37. Nd5 Qd4 38. Qc6 Ra1+ 39. Kg2 Rxa6 0-1

[Event "Montreal CC ch"]
[Site "Montreal CAN"]
[Date "2004.01.24"]
[Round "3"]
[White "Roussel-Roozmon, Thomas"]
[Black "Masse, Hugues"]
[Result "1/2-1/2"]
[WhiteElo "2451"]
[BlackElo "2253"]
[PlyCount "90"]
[EventDate "2004.01.23"]
[EventType "swiss"]
[EventRounds "5"]
[EventCountry "CAN"]

1. c4 Nf6 2. Nc3 d5 3. cxd5 Nxd5 4. g3 g6 5. Bg2 Nxc3 6. bxc3 Bg7 7. h4 c5 8.
Rb1 Qc7 9. h5 Nc6 10. Qb3 b6 11. Nh3 Bb7 12. Nf4 e6 13. hxg6 hxg6 14. Rxh8+
Bxh8 15. Bh3 O-O-O 16. d3 g5 17. Bxe6+ fxe6 18. Nxe6 Qe5 19. Nxd8 Nxd8 20. Kd1
Ne6 21. Bd2 Kb8 22. a4 Bc6 23. Kc2 Bf6 24. Qc4 Bd5 25. Qg4 Kb7 26. f4 gxf4 27.
gxf4 Qd6 28. f5 Nc7 29. Ra1 Bc6 30. Qc4 Bd5 31. Qf4 Be5 32. Qh6 Qd7 33. Qg6 Bf7
34. Qg4 Qd6 35. e3 Kb8 36. Rb1 Bf6 37. Qe4 Bd5 38. Qg4 Bf7 39. Ra1 Qd5 40. Ra3
Qd6 41. c4 Na6 42. Qe4 Nb4+ 43. Kb1 Qh2 44. Qf4+ Qxf4 45. exf4 Nc6 1/2-1/2

[Event "Montreal CC ch"]
[Site "Montreal CAN"]
[Date "2004.01.25"]
[Round "4"]
[White "Roussel-Roozmon, Thomas"]
[Black "Bolduc, Steve"]
[Result "1-0"]
[WhiteElo "2451"]
[BlackElo "2336"]
[PlyCount "79"]
[EventDate "2004.01.23"]
[EventType "swiss"]
[EventRounds "5"]
[EventCountry "CAN"]

1. c4 e6 2. Nf3 d5 3. d4 Nf6 4. g3 c5 5. cxd5 Nxd5 6. Bg2 Nc6 7. O-O Be7 8.
dxc5 Bxc5 9. a3 O-O 10. b4 Be7 11. Bb2 Bf6 12. Qc2 Bd7 13. e4 Bxb2 14. Qxb2 Nb6
15. Nbd2 Qe7 16. e5 a6 17. Rac1 Rab8 18. Ne4 Na7 19. Qd4 Qd8 20. Rfd1 Nb5 21.
Qe3 Nd5 22. Qb3 Qe7 23. Nc5 Rfd8 24. a4 Nbc7 25. Nd4 Be8 26. b5 axb5 27. axb5
Na8 28. Ndxe6 fxe6 29. Nxe6 Qxe6 30. Bxd5 Rxd5 31. Qxd5 Qxd5 32. Rxd5 Nb6 33.
Rd6 Na4 34. Rc7 Bxb5 35. f4 Bc6 36. Re6 Rd8 37. Ree7 Rd1+ 38. Kf2 Rd2+ 39. Ke3
Rxh2 40. Rc8+ 1-0

[Event "Futurity V"]
[Site "Montreal CAN"]
[Date "2003.12.26"]
[Round "1"]
[White "Roussel-Roozmon, Thomas"]
[Black "Prahov, Valentin"]
[Result "1/2-1/2"]
[WhiteElo "2361"]
[BlackElo "2234"]
[PlyCount "120"]
[EventDate "2003.12.26"]
[EventType "schev"]
[EventRounds "10"]
[EventCountry "CAN"]

1. c4 f5 2. d4 Nf6 3. g3 g6 4. Bg2 Bg7 5. Nf3 d6 6. Nc3 O-O 7. O-O Nc6 8. d5
Ne5 9. Qb3 Nfd7 10. Be3 Nxf3+ 11. exf3 Nc5 12. Qc2 e5 13. dxe6 Bxe6 14. Nb5 a6
15. Nd4 Bf7 16. f4 Re8 17. Rad1 Qf6 18. b3 Re7 19. Nf3 Qc3 20. Qxc3 Bxc3 21.
Ng5 Ne4 22. Nxe4 fxe4 23. Bd4 Bb4 24. Ra1 a5 25. a3 Bc5 26. Bxc5 dxc5 27. a4
Be8 28. Rfe1 Bc6 29. Rad1 Rae8 30. Re3 h5 31. Kf1 Kf7 32. Ke2 b6 33. Rc1 Kf6
34. Rcc3 Bd7 35. Rc2 Bg4+ 36. Ke1 Rd8 37. Rd2 Red7 38. Rxd7 Rxd7 39. f3 exf3
40. Bxf3 Bf5 41. Bd5 Rd6 42. Ke2 c6 43. Be4 Bg4+ 44. Bf3 Bd7 45. Re5 Bf5 46.
Re3 Bd7 47. Rd3 Rd4 48. Ke3 Rxd3+ 49. Kxd3 b5 50. Be4 Be8 51. Ke3 Bd7 52. Bd3
b4 53. Kf2 Bg4 54. Bc2 Bd7 55. Kg2 Bg4 56. h3 Be6 57. Be4 Bd7 58. Bd3 Bc8 59.
Bc2 Be6 60. Bb1 Bc8 1/2-1/2

[Event "Futurity V"]
[Site "Montreal CAN"]
[Date "2003.12.27"]
[Round "2"]
[White "Bolduc, Steve"]
[Black "Roussel-Roozmon, Thomas"]
[Result "0-1"]
[WhiteElo "2268"]
[BlackElo "2361"]
[PlyCount "64"]
[EventDate "2003.12.26"]
[EventType "schev"]
[EventRounds "10"]
[EventCountry "CAN"]

1. c4 b6 2. d4 Bb7 3. Nc3 e6 4. e4 Bb4 5. f3 Qh4+ 6. g3 Qh5 7. Bg2 f5 8. Nge2
fxe4 9. fxe4 e5 10. a3 Bxc3+ 11. bxc3 Nf6 12. dxe5 Qxe5 13. Bf4 Qc5 14. Qd4 d6
15. O-O Nbd7 16. Qxc5 bxc5 17. Rab1 Bxe4 18. Bxe4 Nxe4 19. Rb7 Kd8 20. Be3 Nef6
21. Bg5 Nb6 22. Rxf6 gxf6 23. Bxf6+ Kc8 24. Rxb6 Rf8 25. Rb2 Rxf6 26. Nf4 Rb8
27. Re2 Kd7 28. Nd5 Rf7 29. Kg2 c6 30. Nf4 Rb3 31. Rd2 Rxc3 32. Nd3 Kc7 0-1

[Event "Futurity V"]
[Site "Montreal CAN"]
[Date "2003.12.28"]
[Round "3"]
[White "Roussel-Roozmon, Thomas"]
[Black "Livshits, Ron"]
[Result "1-0"]
[WhiteElo "2361"]
[BlackElo "2462"]
[PlyCount "69"]
[EventDate "2003.12.26"]
[EventType "schev"]
[EventRounds "10"]
[EventCountry "CAN"]

1. d4 Nf6 2. c4 e6 3. Nc3 Bb4 4. Qc2 O-O 5. a3 Bxc3+ 6. Qxc3 b6 7. Bg5 Ba6 8.
Qf3 Nc6 9. e3 Bb7 10. Qd1 Ne7 11. Bxf6 gxf6 12. Ne2 d5 13. Nf4 Ng6 14. Qg4 Kh8
15. cxd5 f5 16. Nxg6+ fxg6 17. Qf4 Qxd5 18. Rc1 Rac8 19. Bc4 Qd6 20. O-O Rfe8
21. Qh6 e5 22. dxe5 Qxe5 23. Rfd1 Rcd8 24. Bf1 c5 25. b4 cxb4 26. axb4 a5 27.
bxa5 bxa5 28. h4 Be4 29. h5 Qg7 30. Rxd8 Qxh6 31. Rxe8+ Kg7 32. Rc7+ Kf6 33.
hxg6 hxg6 34. f4 Qh4 35. Rb8 1-0

[Event "Futurity V"]
[Site "Montreal CAN"]
[Date "2004.01.02"]
[Round "6"]
[White "Prahov, Valentin"]
[Black "Roussel-Roozmon, Thomas"]
[Result "0-1"]
[WhiteElo "2234"]
[BlackElo "2361"]
[PlyCount "108"]
[EventDate "2003.12.26"]
[EventType "schev"]
[EventRounds "10"]
[EventCountry "CAN"]

1. e4 c5 2. Nf3 Nc6 3. d4 cxd4 4. Nxd4 e6 5. Nc3 Qc7 6. Be3 a6 7. Bd3 Nf6 8.
O-O h5 9. Nxc6 Ng4 10. g3 Nxe3 11. fxe3 dxc6 12. Qf3 e5 13. Bc4 f6 14. a4 Bg4
15. Qf2 O-O-O 16. Be2 Be6 17. Rfd1 Rxd1+ 18. Rxd1 Bb4 19. Nb1 Qb6 20. b3 Bc5
21. Rd3 Rd8 22. Rxd8+ Kxd8 23. Kg2 Bxe3 24. Qf1 Qb4 25. Qd1+ Ke7 26. Qd3 Ba7
27. Qc3 Qxe4+ 28. Bf3 Qd4 29. Qxd4 exd4 30. Bxh5 Bf5 31. Bd1 Kd6 32. Nd2 Kc5
33. Kf1 Kb4 34. Nb1 c5 35. Ke1 c4 36. bxc4 Kxa4 37. Kd2 Kb4 38. Bf3 b6 39. Bd5
Bb8 40. Kc1 a5 41. Nd2 a4 42. Ne4 Be5 43. Kb1 Bg4 44. Nf2 Be2 45. Nd3+ Kc3 46.
Nb2 a3 47. Na4+ Kb4 48. Nxb6 Bc7 49. Nc8 Bxc4 50. Bxc4 Kxc4 51. Ne7 Be5 52. Nf5
Kc3 53. Nxg7 d3 54. cxd3 Kb3 0-1

[Event "Futurity V"]
[Site "Montreal CAN"]
[Date "2004.01.03"]
[Round "7"]
[White "Roussel-Roozmon, Thomas"]
[Black "Bolduc, Steve"]
[Result "1-0"]
[WhiteElo "2361"]
[BlackElo "2268"]
[PlyCount "57"]
[EventDate "2003.12.26"]
[EventType "schev"]
[EventRounds "10"]
[EventCountry "CAN"]

1. d4 d5 2. c4 dxc4 3. Nf3 Nf6 4. e3 e6 5. Bxc4 c5 6. O-O Qc7 7. b3 a6 8. a4
Nbd7 9. Nbd2 cxd4 10. Nxd4 Nc5 11. Ba3 Bd6 12. N4f3 Bd7 13. Rc1 Qb6 14. Be2 Be7
15. Ne5 Qa7 16. Ndc4 Nce4 17. Bxe7 Kxe7 18. a5 Rad8 19. Nb6 Qb8 20. Qd4 Bb5 21.
Qb4+ Nd6 22. Bxb5 axb5 23. Rfd1 Rhe8 24. a6 Qa7 25. Rc7+ Kf8 26. Rxd6 Kg8 27.
Nbd7 Nd5 28. Rxd5 exd5 29. Nf6+ 1-0

[Event "Futurity V"]
[Site "Montreal CAN"]
[Date "2004.01.04"]
[Round "8"]
[White "Livshits, Ron"]
[Black "Roussel-Roozmon, Thomas"]
[Result "1/2-1/2"]
[WhiteElo "2462"]
[BlackElo "2361"]
[PlyCount "97"]
[EventDate "2003.12.26"]
[EventType "schev"]
[EventRounds "10"]
[EventCountry "CAN"]

1. d4 Nf6 2. c4 e6 3. Nc3 Bb4 4. Nf3 b6 5. Bg5 Bb7 6. Nd2 h6 7. Bh4 Bxc3 8.
bxc3 d6 9. f3 Nbd7 10. e4 Qe7 11. Bd3 g5 12. Bf2 Nh5 13. g3 O-O-O 14. Qe2 Rde8
15. a4 a5 16. c5 dxc5 17. Ba6 e5 18. d5 Nb8 19. Bxb7+ Kxb7 20. Rb1 Rd8 21. Nc4
Kc8 22. O-O Qf6 23. f4 Nxf4 24. gxf4 gxf4 25. Kh1 Rhg8 26. Rg1 Rg6 27. Qh5 Re8
28. Bh4 Qg7 29. d6 Nd7 30. dxc7 Kxc7 31. Rgd1 Rg8 32. Rxd7+ Kxd7 33. Nxe5+ Kc7
34. Nxg6 fxg6 35. Qd5 g5 36. Bf2 Rd8 37. Qb3 Qg6 38. Qc4 Rd4 39. cxd4 Qxe4+ 40.
Kg1 Qxb1+ 41. Kg2 Qe4+ 42. Kf1 f3 43. Qf7+ Kc8 44. Qf8+ Kb7 45. Qf7+ Ka6 46.
Qc4+ Kb7 47. Qf7+ Ka6 48. Qc4+ Kb7 49. Qf7+ 1/2-1/2

[Event "Futurity V"]
[Site "Montreal CAN"]
[Date "2004.01.05"]
[Round "9"]
[White "Roussel-Roozmon, Thomas"]
[Black "Yudasin, Leonid"]
[Result "1/2-1/2"]
[WhiteElo "2361"]
[BlackElo "2586"]
[PlyCount "32"]
[EventDate "2003.12.26"]
[EventType "schev"]
[EventRounds "10"]
[EventCountry "CAN"]

1. d4 Nf6 2. c4 e6 3. Nc3 d5 4. Bg5 Be7 5. e3 O-O 6. Nf3 Nbd7 7. Rc1 c6 8. Bd3
h6 9. Bh4 b6 10. O-O Bb7 11. cxd5 cxd5 12. Qe2 a6 13. h3 Ne4 14. Bxe7 Qxe7 15.
Rc2 Rfc8 16. Rfc1 Qd8 1/2-1/2

[Event "Quebec-ch classe"]
[Site "Repentigny CAN"]
[Date "2003.11.21"]
[Round "1"]
[White "Tessier, Olivier"]
[Black "Roussel-Roozmon, Thomas"]
[Result "0-1"]
[WhiteElo "2113"]
[BlackElo "2389"]
[PlyCount "136"]
[EventDate "2003.11.21"]
[EventType "swiss"]
[EventRounds "5"]
[EventCountry "CAN"]

1. c4 c5 2. Nf3 Nc6 3. Nc3 e5 4. d3 g6 5. g3 Bg7 6. Bg2 d6 7. Rb1 Nge7 8. a3 a5
9. O-O O-O 10. Ne1 Be6 11. Nc2 d5 12. cxd5 Nxd5 13. Bd2 h6 14. Qc1 Kh7 15. Nxd5
Bxd5 16. Bxd5 Qxd5 17. Ne3 Qd6 18. Qc4 Nd4 19. Rfe1 b5 20. Qd5 Qxd5 21. Nxd5
Rfd8 22. Nc3 Rab8 23. a4 b4 24. Ne4 Nb3 25. Be3 Rd5 26. Red1 Rbd8 27. f3 f5 28.
Nf2 Kg8 29. Kf1 Kf7 30. Bd2 c4 31. Be3 cxd3 32. Rxd3 Rxd3 33. Nxd3 e4 34. fxe4
fxe4 35. Nc5 Nxc5 36. Bxc5 b3 37. Ke1 Ke6 38. Bb6 Rd5 39. Be3 Rh5 40. Bg1 Kd5
41. Kd2 Kc4 42. Ke3 Kb4 43. Kxe4 Re5+ 44. Kf3 Kxa4 45. Bd4 Rf5+ 46. Ke4 Bxd4
47. Kxd4 Kb4 48. Rc1 Rf2 49. Rc4+ Kb5 50. Rc5+ Kb6 51. Re5 Rxh2 52. Kc4 g5 53.
Re6+ Kc7 54. Kxb3 Rh3 55. Ka4 h5 56. Rh6 h4 57. Kxa5 Rxg3 58. b4 Ra3+ 59. Kb5
h3 60. Kc5 g4 61. b5 Rc3+ 62. Kd4 Rc1 63. Ke3 g3 64. Rxh3 g2 65. Rh7+ Kb6 66.
Rh6+ Kxb5 67. Rh5+ Kc4 68. Rh4+ Kc3 0-1

[Event "Quebec-ch classe"]
[Site "Repentigny CAN"]
[Date "2003.11.22"]
[Round "2"]
[White "Roussel-Roozmon, Thomas"]
[Black "Masse, Hugues"]
[Result "1-0"]
[WhiteElo "2389"]
[BlackElo "2239"]
[PlyCount "53"]
[EventDate "2003.11.21"]
[EventType "swiss"]
[EventRounds "5"]
[EventCountry "CAN"]

1. d4 d5 2. c4 e6 3. Nf3 c6 4. Nc3 dxc4 5. a4 Bb4 6. e3 b5 7. Bd2 a5 8. axb5
Bxc3 9. Bxc3 cxb5 10. b3 Bb7 11. bxc4 b4 12. Bb2 Nf6 13. Bd3 Nbd7 14. O-O O-O
15. Nd2 Qc7 16. f4 a4 17. Rb1 Bc6 18. e4 a3 19. Ba1 Ba4 20. Qf3 Rab8 21. e5 Ne8
22. Qh3 h6 23. f5 exf5 24. Qxf5 g6 25. Qf4 h5 26. Qh6 Ng7 27. Ne4 1-0

[Event "Quebec-ch classe"]
[Site "Repentigny CAN"]
[Date "2003.11.23"]
[Round "4"]
[White "Roussel-Roozmon, Thomas"]
[Black "Bolduc, Steve"]
[Result "0-1"]
[WhiteElo "2389"]
[BlackElo "2314"]
[PlyCount "56"]
[EventDate "2003.11.21"]
[EventType "swiss"]
[EventRounds "5"]
[EventCountry "CAN"]

1. d4 d5 2. Nf3 Nf6 3. c4 dxc4 4. e3 Bg4 5. Bxc4 e6 6. h3 Bh5 7. Nc3 Nc6 8. O-O
Bd6 9. Be2 O-O 10. Qb3 a6 11. Rd1 Qe7 12. Nd2 Bxe2 13. Nxe2 e5 14. Qxb7 Nb4 15.
dxe5 Qxe5 16. Nf3 Qc5 17. Nfd4 Qe5 18. Nf3 Qc5 19. Nfd4 Qe5 20. Ng3 Nfd5 21.
Nc6 Qe6 22. Nxb4 Nxb4 23. Qe4 Bxg3 24. Qxb4 Be5 25. Qa4 Rab8 26. Rb1 Rfd8 27.
Rxd8+ Rxd8 28. e4 Qxa2 0-1

[Event "Quebec-ch-classe"]
[Site "Repentigny CAN"]
[Date "2003.11.23"]
[Round "5"]
[White "Rousseau, Daniel"]
[Black "Roussel-Roozmon, Thomas"]
[Result "0-1"]
[WhiteElo "2231"]
[BlackElo "2389"]
[PlyCount "60"]
[EventDate "2003.11.21"]
[EventType "swiss"]
[EventRounds "5"]
[EventCountry "CAN"]

1. e4 c5 2. Nf3 Nc6 3. d4 cxd4 4. Nxd4 e6 5. Nc3 Qc7 6. Be2 a6 7. O-O Nf6 8.
Be3 Bb4 9. Nxc6 bxc6 10. Na4 O-O 11. Qd4 Bd6 12. g3 Be5 13. Qd3 d5 14. exd5
cxd5 15. Rab1 a5 16. Rfc1 Ba6 17. Qd1 d4 18. Bd2 Bb7 19. Bf3 Ne4 20. Qe2 f5 21.
c3 d3 22. Qd1 f4 23. g4 Ng5 24. Bg2 f3 25. Bf1 Bxh2+ 26. Kh1 Ne4 27. Be3 Ng3+
28. fxg3 Qxg3 29. Bf2 Qxf2 30. Bh3 Bf4 0-1

[Event "CCAS op"]
[Site "Cap d'Agde FRA"]
[Date "2003.10.25"]
[Round "3"]
[White "Miladinovic, Igor"]
[Black "Roussel-Roozmon, Thomas"]
[Result "1-0"]
[WhiteElo "2599"]
[BlackElo "2329"]
[PlyCount "69"]
[EventDate "2003.10.23"]
[EventType "swiss"]
[EventRounds "9"]
[EventCountry "FRA"]
[Source "Mark Crowther"]
[SourceDate "2003.11.10"]

1. d4 Nf6 2. Bg5 e6 3. e3 h6 4. Bh4 c5 5. c3 b6 6. Nd2 Bb7 7. Ngf3 Be7 8. Bd3
g5 9. Bg3 g4 10. Ne5 h5 11. e4 d6 12. Nec4 cxd4 13. cxd4 d5 14. exd5 Qxd5 15.
Be5 Nbd7 16. Qe2 Qxg2 17. O-O-O O-O-O 18. Bd6 Rhe8 19. Kb1 Qxh1 20. Rxh1 Bxh1
21. f3 Nb8 22. Bg3 Kb7 23. Qf1 Bxf3 24. Nxf3 gxf3 25. Qxf3+ Nc6 26. Ne5 Nd5 27.
Nxc6 Kxc6 28. Qf1 h4 29. Be5 f6 30. Bb5+ Kb7 31. Ba6+ Ka8 32. Qc4 Nb4 33. a3
fxe5 34. axb4 Rd6 35. Qc7 1-0

[Event "CCAS op"]
[Site "Cap d'Agde FRA"]
[Date "2003.10.27"]
[Round "6"]
[White "Roussel-Roozmon, Thomas"]
[Black "Apicella, Manuel"]
[Result "0-1"]
[WhiteElo "2329"]
[BlackElo "2542"]
[PlyCount "78"]
[EventDate "2003.10.23"]
[EventType "swiss"]
[EventRounds "9"]
[EventCountry "FRA"]
[Source "Mark Crowther"]
[SourceDate "2003.11.10"]

1. d4 d5 2. c4 e6 3. Nf3 c6 4. Qc2 Bd6 5. g3 f5 6. Bf4 Bxf4 7. gxf4 Nf6 8. Nbd2
O-O 9. e3 Nbd7 10. Rg1 Qe7 11. Rc1 Ne4 12. Bd3 Ndf6 13. Ne5 Bd7 14. c5 Be8 15.
f3 Nxd2 16. Kxd2 Nd7 17. Nxd7 Bxd7 18. Rb1 b6 19. b4 a5 20. b5 cxb5 21. c6 Rfc8
22. Bxb5 Be8 23. Ba4 Rab8 24. Rgc1 Rc7 25. Rb2 Qh4 26. Kd3 g5 27. Qg2 g4 28.
Kd2 h5 29. Rcb1 Qe7 30. h3 Qa3 31. Bb5 Bxc6 32. Bxc6 Rxc6 33. hxg4 fxg4 34.
fxg4 h4 35. Ke2 Rc3 36. Qf2 Rbc8 37. Qxh4 Rxe3+ 38. Kf2 Rh3 39. Qg5+ Kf7 0-1